Αρδευτικά μηχανήματα : Γ' τάξη Τεχνικού-Επαγγελματικού Λυκείου τομέας γεωργοκτηνοτροφικός

Αποθηκεύτηκε σε:
Λεπτομέρειες βιβλιογραφικής εγγραφής
Κύριος συγγραφέας: Τασιούλας, Δημήτρης
Άλλοι συγγραφείς: Κοζομπόλης, Παναγιώτης
Μορφή: Βιβλίο
Γλώσσα:Greek
Δημοσίευση: Αθήνα : Ο.Ε.Δ.Β., 1987
Θέματα:
Ετικέτες: Προσθήκη ετικέτας
Δεν υπάρχουν, Καταχωρήστε ετικέτα πρώτοι!

MARC

LEADER 00000nam a2200000 i 4500
001 1/77496
008 960527s1987 gre d
035 |a 1989  |b 2  |c Δωρεά  |l 10032675 
040 |a GR-MY-UA  |b gre  |e aacr 
041 0 |a gre 
082 0 |a 631.587 
100 1 |a Τασιούλας, Δημήτρης. 
245 1 0 |a Αρδευτικά μηχανήματα :  |b Γ' τάξη Τεχνικού-Επαγγελματικού Λυκείου τομέας γεωργοκτηνοτροφικός /  |c Δ. Τασιούλας, Π. Κοζόμπολης 
260 |a Αθήνα :   |b Ο.Ε.Δ.Β.,   |c 1987 
300 |a 355 σ. 
650 0 0 |a Irrigation  |x Equipment and supplies. 
700 1 |a Κοζομπόλης, Παναγιώτης. 
852 |a INST  |b RHODES  |e 19960527  |h 631.587 ΤΑΣ  |p 005400002086  |q 005400002086  |t BK  |y 0 
852 |a INST  |b RHODES  |e 19960527  |h 631.587 ΤΑΣ  |p 005400002087  |q 005400002087  |t BK  |y 620 
852 |a INST  |b RHODES  |e 19960527  |h 631.587 ΤΑΣ  |p 005400002088  |q 005400002088  |t BK  |y 620 
909 |a Ρ  |b 014422  |c 1989 
909 |a Ρ  |b 014423  |c 1989 
909 |a Ρ  |b 014424  |c 1989